00511nam a22001697a 450000500170000001000130001702000100003003500130004003700140005308200120006710000240007924500820010324600680018526000340025327000350028730000190032220191212150856.0 aA-374667 c12.00 aA-374667 bBPPD/Pub. a320.954 aمحبوب اشرف aقدیم ہیندستان کی سکولر روایات /cمحبوب اشرف aKadeem Hindustan ki Scholar Riwayat (Urdu) /bby Mehboob Ashraf aNew DelhibNayi Awazc1988 ء aJamia NagarbNew Delhie110025 a88p.c20cm(Hb)